[Event "22nd TCh-SLO 2012"]
[Site "Slovenia SLO"]
[Date "2012.11.30"]
[Round "4"]
[White "Srebrnic,V"]
[Black "Novak,G"]
[Result "1-0"]
[WhiteElo "2220"]
[BlackElo "2248"]
[WhiteTeam "SK Nova Gorica"]
[BlackTeam "SK Triglav Krsko"]
[WhiteFideId "14600498"]
[BlackFideId "14602580"]
[EventDate "2012.11.23"]

1. e4 c5 2. Nf3 a6 3. c4 d6 4. d4 cxd4 5. Nxd4 Nf6 6. Nc3 e6 7. Be2 Be7 8. Be3
O-O 9. O-O Qc7 10. Rc1 Nc6 11. Nd5 exd5 12. cxd5 Bd7 13. dxc6 bxc6 14. Bf3 c5
15. Nb3 Rac8 16. e5 dxe5 17. Nxc5 Bxc5 18. Rxc5 Qb8 19. Qd2 Bg4 20. Bc6 Rfd8 21.
Qc3 Bd7 22. Bxd7 Rxc5 23. Qxc5 Rxd7 24. Rc1 h5 25. Qc8+ Qxc8 26. Rxc8+ Kh7 27.
Kf1 Nd5 28. Ke2 f5 29. Bd2 Nf6 30. Rc6 Ne4 31. Be1 Rd6 32. Rxd6 Nxd6 33. Kd3 g5
34. Bb4 Nf7 35. Kc4 e4 36. Kd5 g4 37. Bd2 h4 38. b4 Kg6 39. a4 Kf6 40. b5 axb5
41. axb5 Nd8 42. Ba5 Ne6 43. Bc3+ Ke7 44. Be5 Kd7 45. b6 Nd8 46. Bf4 Ne6 47. Be5
Nd8 48. h3 Nf7 49. hxg4 fxg4 1-0

[Event "22nd TCh-SLO 2012"]
[Site "Slovenia SLO"]
[Date "2012.11.30"]
[Round "4"]
[White "Mestrovic,Z"]
[Black "Rusjan,M"]
[Result "1-0"]
[WhiteTitle "IM"]
[WhiteElo "2320"]
[BlackElo "2204"]
[WhiteTeam "SK Triglav Krsko"]
[BlackTeam "SK Nova Gorica"]
[WhiteFideId "14602059"]
[BlackFideId "14601567"]
[EventDate "2012.11.23"]

1. Nc3 d5 2. e4 d4 3. Nce2 g6 4. Ng3 Bg7 5. Bc4 e5 6. c3 Ne7 7. cxd4 Qxd4 8. d3
O-O 9. Nf3 Qd6 10. h4 Nbc6 11. h5 Bg4 12. Be3 b5 13. Bb3 Nb4 14. O-O gxh5 15.
Qd2 Bxf3 16. gxf3 h4 17. Ne2 Nxd3 18. Rad1 Rad8 19. Kh2 c5 20. Nc1 c4 21. Nxd3
cxd3 22. Qc3 Qf6 23. Rxd3 b4 24. Qd2 Rxd3 25. Qxd3 Ng6 26. Rg1 Rd8 27. Bd5 Kh8
28. Bg5 Qd6 29. Bxd8 Qxd8 30. Qb5 Bh6 31. Qb7 Qf6 32. Qxf7 Qxf7 33. Bxf7 Kg7 34.
Bxg6 hxg6 35. Rd1 Kf6 36. Rd6+ Kg5 37. Kh3 Bg7 38. Ra6 Bf8 39. Re6 Bg7 40. a3
Bf6 41. a4 Bd8 42. Rxe5+ Kf6 43. Rd5 Bb6 44. Rd6+ Kg5 45. Kg2 h3+ 46. Kxh3 Bxf2
47. Kg2 Be3 48. a5 1-0

[Event "22nd TCh-SLO 2012"]
[Site "Slovenia SLO"]
[Date "2012.11.30"]
[Round "4"]
[White "Budihna,K"]
[Black "Kos,T"]
[Result "0-1"]
[BlackTitle "IM"]
[WhiteElo "2060"]
[BlackElo "2328"]
[WhiteTeam "SK Nova Gorica"]
[BlackTeam "SK Triglav Krsko"]
[WhiteFideId "14604981"]
[BlackFideId "14601508"]
[EventDate "2012.11.23"]

1. e4 e5 2. Nf3 Nf6 3. Nxe5 Nxe4 4. Qe2 Qe7 5. Qxe4 d6 6. d4 dxe5 7. Qxe5 Qxe5+
8. dxe5 Bf5 9. c3 Nd7 10. Bf4 O-O-O 11. Bc4 Nxe5 12. Bxe5 Re8 13. f4 f6 14. O-O
fxe5 15. fxe5 Bc5+ 16. Kh1 Be6 17. Bxe6+ Rxe6 18. Nd2 Rxe5 19. Rae1 Rhe8 20. Nf3
Rxe1 21. Rxe1 Rxe1+ 22. Nxe1 Kd7 23. g3 Ke6 24. Kg2 Kd5 25. Kf3 a5 26. Nd3 Bd6
27. b3 Be5 28. Nxe5 Kxe5 29. h4 b5 30. a3 Kf5 31. g4+ Ke5 32. Ke3 c6 33. Kf3 g6
34. Ke3 h6 35. Kf3 h5 36. gxh5 gxh5 37. Ke3 Kf5 38. Kf3 c5 39. Ke3 Kg4 40. Ke4
Kxh4 41. b4 cxb4 0-1

[Event "22nd TCh-SLO 2012"]
[Site "Slovenia SLO"]
[Date "2012.11.30"]
[Round "4"]
[White "Horvath,Ad1"]
[Black "Ruck,R1"]
[Result "1/2-1/2"]
[WhiteTitle "GM"]
[BlackTitle "GM"]
[WhiteElo "2495"]
[BlackElo "2568"]
[WhiteTeam "SD Rokada Lendava"]
[BlackTeam "SD Radenska Pomgrad"]
[WhiteFideId "708003"]
[BlackFideId "705713"]
[EventDate "2012.11.23"]

1. e4 c6 2. d4 d5 3. Nd2 dxe4 4. Nxe4 Bf5 5. Ng3 Bg6 6. Bc4 Nf6 7. N1e2 Nbd7 8.
Nf4 e5 9. Nxg6 hxg6 10. O-O Be7 11. dxe5 Nxe5 12. Bb3 Qxd1 13. Rxd1 O-O 14. Re1
Bd6 15. Ne4 Bb4 16. c3 Nd3 17. Nxf6+ gxf6 18. Rd1 Nxc1 19. Raxc1 Bc5 20. Rd7
Rae8 21. Rxb7 Re2 22. Rf1 Bb6 23. g3 Rxb2 24. Kh1 Rxf2 25. Rxf2 Bxf2 26. Rc7 Kg7
27. Rxc6 f5 28. Kg2 Be3 29. Kf3 Re8 30. Rc7 Bb6 31. Rxf7+ 1/2-1/2

[Event "22nd TCh-SLO 2012"]
[Site "Slovenia SLO"]
[Date "2012.11.30"]
[Round "4"]
[White "Sifrer,D"]
[Black "Gruskovnjak,T"]
[Result "1-0"]
[WhiteTitle "IM"]
[BlackTitle "FM"]
[WhiteElo "2393"]
[BlackElo "2388"]
[WhiteTeam "SD Rokada Lendava"]
[BlackTeam "SD Radenska Pomgrad"]
[WhiteFideId "14600110"]
[BlackFideId "14602326"]
[EventDate "2012.11.23"]

1. d4 d5 2. c4 dxc4 3. Nf3 Nf6 4. e3 e6 5. Bxc4 a6 6. O-O c5 7. Qe2 Nc6 8. Rd1
Qc7 9. Nc3 Bd6 10. a3 b5 11. dxc5 Bxc5 12. Bd3 O-O 13. b4 Bd6 14. Bb2 Bb7 15.
Rac1 Ne5 16. Ne4 Nxf3+ 17. Qxf3 Bxh2+ 18. Kh1 Bxe4 19. Bxe4 Nxe4 20. Rxc7 Bxc7
21. Qxe4 Rad8 22. Rxd8 Rxd8 23. g3 Rd5 24. Qc2 1-0

[Event "22nd TCh-SLO 2012"]
[Site "Slovenia SLO"]
[Date "2012.11.30"]
[Round "4"]
[White "Gjuran,D"]
[Black "Plesec,D"]
[Result "1-0"]
[WhiteTitle "FM"]
[BlackTitle "FM"]
[WhiteElo "2336"]
[BlackElo "2315"]
[WhiteTeam "SD Radenska Pomgrad"]
[BlackTeam "SD Rokada Lendava"]
[WhiteFideId "14603373"]
[BlackFideId "14600161"]
[EventDate "2012.11.23"]

1. e4 d5 2. exd5 Qxd5 3. Nc3 Qa5 4. d4 Nf6 5. Bc4 c6 6. Bd2 Bf5 7. Nge2 e6 8.
O-O Qc7 9. Ng3 Bg6 10. Qe2 Bd6 11. Bb3 O-O 12. f4 Nbd7 13. Kh1 Rfe8 14. Qf3 a6
15. f5 exf5 16. Nxf5 c5 17. Nd5 Nxd5 18. Qxd5 Bxh2 19. Bg5 Nf8 20. Ne7+ Rxe7 21.
Bxe7 Qxe7 22. Kxh2 Ne6 23. dxc5 Rd8 24. Qe5 Qh4+ 25. Kg1 Nd4 26. Rae1 h6 27. Rf4
Ne2+ 28. Rxe2 1-0

[Event "22nd TCh-SLO 2012"]
[Site "Slovenia SLO"]
[Date "2012.11.30"]
[Round "4"]
[White "Ivanec,D"]
[Black "Cigan,S"]
[Result "0-1"]
[BlackTitle "IM"]
[WhiteElo "2191"]
[BlackElo "2374"]
[WhiteTeam "SD Rokada Lendava"]
[BlackTeam "SD Radenska Pomgrad"]
[WhiteFideId "14604400"]
[BlackFideId "14600064"]
[EventDate "2012.11.23"]

1. e4 c5 2. Nc3 Nc6 3. f4 e6 4. Nf3 d5 5. Bb5 Nf6 6. exd5 exd5 7. Ne5 Qc7 8. Qe2
Be7 9. O-O O-O 10. Bxc6 bxc6 11. d3 Re8 12. Bd2 Bd6 13. Rae1 Bf5 14. h3 c4 15.
g4 Bg6 16. Qf2 cxd3 17. cxd3 Bxe5 18. fxe5 Nd7 19. Bf4 Qb7 20. Qd2 Nc5 21. d4
Nd3 22. Re2 Qb4 23. Be3 c5 24. Nxd5 Qc4 25. Nf4 cxd4 26. Nxg6 hxg6 27. b3 dxe3
28. Rxe3 Qc5 29. Qxd3 Rxe5 30. Re1 Rae8 31. Kf2 Qb6 32. Kf3 Qf6+ 33. Kg3 Rxe3+
34. Rxe3 Rd8 35. Qe4 Qa1 36. a4 Qg1+ 37. Kf3 Rd2 38. Qe8+ Kh7 39. Qe5 Qg2+ 0-1

[Event "22nd TCh-SLO 2012"]
[Site "Slovenia SLO"]
[Date "2012.11.30"]
[Round "4"]
[White "Lazar,Ales ML"]
[Black "Nerat,Ivan"]
[Result "1-0"]
[WhiteTitle "FM"]
[WhiteElo "2304"]
[BlackElo "2035"]
[WhiteTeam "SD Radenska Pomgrad"]
[BlackTeam "SD Rokada Lendava"]
[WhiteFideId "14603039"]
[BlackFideId "14609533"]
[EventDate "2012.11.23"]

1. e4 e6 2. d4 d5 3. Nd2 Nf6 4. e5 Nfd7 5. Bd3 c5 6. c3 Nc6 7. Ne2 cxd4 8. cxd4
f6 9. exf6 Nxf6 10. Nf3 Qc7 11. O-O Bd6 12. g3 O-O 13. Bf4 Ng4 14. Rc1 Bxf4 15.
Nxf4 Rxf4 16. gxf4 Qxf4 17. Be2 Nf6 18. Kh1 Ne4 19. Rc2 Bd7 20. Qc1 Qf6 21. Qe3
Rf8 22. b4 a6 23. Rb2 e5 24. dxe5 Nxe5 25. Nxe5 Qxe5 26. Rb3 Bc6 27. f3 d4 28.
Bc4+ Kh8 29. Qe1 d3 30. Bxd3 Nf2+ 31. Qxf2 Rxf3 32. Qxf3 Bxf3+ 33. Rxf3 g6 34.
Bf1 Qd5 35. a4 g5 36. h3 h5 37. Kg1 Qd4+ 38. Rfe3 Kg7 39. a5 Kf6 40. Be2 g4 41.
hxg4 hxg4 42. Kg2 Kg5 43. Red3 Qe4+ 44. Kf2 Qh1 45. Rg3 Qh2+ 46. Ke1 Qh1+ 47.
Kd2 Qd5+ 48. Kc1 Qc6+ 49. Rbc3 Qh1+ 50. Bd1 Qe1 51. Rxg4+ Kf5 52. Rgc4 Ke5 53.
Kc2 Qf2+ 54. Kb3 Qf7 55. Re3+ Kd6 56. Rd3+ Ke5 57. Bf3 Qh7 58. Re4+ Kf5 59. Red4
Ke5 60. Rd5+ Kf4 61. Rd7 Qg8+ 62. Bd5 Qg1 63. Bxb7 Qb1+ 64. Kc4 Qc2+ 65. Kd4 1-0

[Event "22nd TCh-SLO 2012"]
[Site "Slovenia SLO"]
[Date "2012.11.30"]
[Round "4"]
[White "Stevic,H"]
[Black "Ivanisevic,I"]
[Result "0-1"]
[WhiteTitle "GM"]
[BlackTitle "GM"]
[WhiteElo "2622"]
[BlackElo "2633"]
[WhiteTeam "SD Vrhnika"]
[BlackTeam "SD Tehcenter Ptuj"]
[WhiteFideId "14502569"]
[BlackFideId "912417"]
[EventDate "2012.11.23"]

1. e4 c5 2. c3 d5 3. exd5 Qxd5 4. d4 Nc6 5. Be3 cxd4 6. cxd4 e5 7. Nc3 Bb4 8.
Nf3 Bg4 9. Be2 exd4 10. O-O Bxc3 11. bxc3 Nge7 12. Nxd4 Bxe2 13. Qxe2 O-O 14.
Nxc6 Nxc6 15. c4 Qe4 16. Rac1 Rfe8 17. Qc2 Rad8 18. Qb1 Rd7 19. Rfd1 Qxb1 20.
Rxb1 Red8 21. Rxd7 Rxd7 22. Kf1 f6 23. Ke2 Kf7 24. h3 a6 25. f4 h5 26. g4 hxg4
27. hxg4 f5 28. g5 Kg6 29. c5 Kf7 30. Kf3 Ke6 31. Bf2 Rd3+ 32. Ke2 Ra3 33. Rxb7
Rxa2+ 34. Kf3 Ra3+ 35. Ke2 g6 36. Rg7 Kd5 37. Rxg6 Ke4 38. Ke1 Ra2 39. Kf1 0-1

[Event "22nd TCh-SLO 2012"]
[Site "Slovenia SLO"]
[Date "2012.11.30"]
[Round "4"]
[White "Gostisa,L"]
[Black "Borisek,J"]
[Result "0-1"]
[WhiteTitle "IM"]
[BlackTitle "GM"]
[WhiteElo "2419"]
[BlackElo "2560"]
[WhiteTeam "SD Vrhnika"]
[BlackTeam "SD Tehcenter Ptuj"]
[WhiteFideId "14600722"]
[BlackFideId "14603152"]
[EventDate "2012.11.23"]

1. d4 f5 2. g3 Nf6 3. Bg2 g6 4. c3 Bg7 5. Qb3 Nc6 6. Nd2 e6 7. Nh3 O-O 8. O-O
Kh8 9. e4 fxe4 10. Nxe4 Nxe4 11. Bxe4 d5 12. Bg2 e5 13. dxe5 Nxe5 14. Bf4 c6 15.
Rae1 Nd3 16. Bg5 Qb6 17. Re3 Ne5 18. Be7 Rxf2 19. Qxb6 Rxf1+ 20. Bxf1 axb6 21.
Ng5 h6 22. Rxe5 hxg5 23. Re1 g4 24. a3 Bf5 25. Rd1 Ra4 26. Bg5 d4 27. c4 d3 28.
Bxd3 Bxb2 29. Be2 Rxa3 30. Kf2 Kg7 31. Be3 Rb3 32. Rd8 Be5 33. Bd4 Bxd4+ 34.
Rxd4 Rb2 35. Rd8 Kf6 36. Ke3 Rb3+ 37. Kd2 Ke5 38. Rb8 Kd4 39. Rd8+ Kc5 40. Rb8
Be6 41. Rxb7 Bxc4 42. Bxc4 Kxc4 43. Rg7 Rd3+ 0-1

[Event "22nd TCh-SLO 2012"]
[Site "Slovenia SLO"]
[Date "2012.11.30"]
[Round "4"]
[White "Polajzer,D"]
[Black "Kavcic,Z"]
[Result "0-1"]
[WhiteTitle "IM"]
[BlackTitle "FM"]
[WhiteElo "2295"]
[BlackElo "2269"]
[WhiteTeam "SD Tehcenter Ptuj"]
[BlackTeam "SD Vrhnika"]
[WhiteFideId "14600218"]
[BlackFideId "14604582"]
[EventDate "2012.11.23"]

1. Nf3 c5 2. c4 Nc6 3. Nc3 Nd4 4. Ng1 Nc6 5. Nf3 Nd4 6. Ng1 Nc6 7. e3 g6 8. d4
Bg7 9. Nf3 Nf6 10. d5 Nb8 11. e4 d6 12. h3 O-O 13. Bd3 e5 14. dxe6 Bxe6 15. O-O
Nc6 16. Ng5 Nd4 17. f4 Bd7 18. e5 Ne8 19. Nd5 Bc6 20. Be4 f5 21. exf6 Nxf6 22.
Nxf6+ Qxf6 23. Bd2 Rae8 24. Re1 h6 25. Bxc6 Nxc6 26. Nf3 Nd4 27. Be3 Nxf3+ 28.
Qxf3 Qxb2 29. Rab1 Qc3 30. Qd5+ Kh7 31. Bf2 b6 32. Rxe8 Rxe8 33. Qf7 Rf8 34.
Qxa7 Rxf4 35. Qxb6 Qxc4 36. Bg3 Rd4 37. Qc7 Qxa2 38. Rb7 Rd1+ 39. Kh2 Qa1 0-1

[Event "22nd TCh-SLO 2012"]
[Site "Slovenia SLO"]
[Date "2012.11.30"]
[Round "4"]
[White "Praznik,N"]
[Black "Podkriznik,G"]
[Result "1-0"]
[WhiteTitle "FM"]
[BlackTitle "FM"]
[WhiteElo "2294"]
[BlackElo "2334"]
[WhiteTeam "SD Vrhnika"]
[BlackTeam "SD Tehcenter Ptuj"]
[WhiteFideId "14601621"]
[BlackFideId "14601893"]
[EventDate "2012.11.23"]

1. Nf3 Nf6 2. c4 c5 3. g3 b6 4. Bg2 Bb7 5. O-O e6 6. Nc3 Be7 7. a3 O-O 8. Rb1 d5
9. cxd5 Nxd5 10. Nxd5 Bxd5 11. d3 Bf6 12. Bd2 Nd7 13. Bc3 Rc8 14. e4 Bb7 15. Qd2
Ba6 16. e5 Be7 17. Qe3 b5 18. Rfd1 Bb7 19. Qe1 Qc7 20. d4 c4 21. Bb4 Bxb4 22.
Qxb4 Bc6 23. Ng5 Bxg2 24. Kxg2 Qc6+ 25. f3 Nb6 26. Ne4 Nd5 27. Qd2 a5 28. Nd6
Rb8 29. Rdc1 a4 30. h4 f5 31. h5 h6 32. Kf2 Ne7 33. Rd1 Rfd8 34. Qf4 Nc8 35.
Nxc8 Rbxc8 36. Rd2 Rd7 37. Rbd1 Rcd8 38. Qe3 Rd5 39. Qf4 Rf8 40. Qe3 Rf7 41. Qf4
Rb7 42. g4 fxg4 43. Qxg4 Rf7 44. Rg1 Rd8 45. Rg3 Qb6 46. Kg2 b4 47. axb4 Qxb4
48. Re2 Qb6 49. Qg6 Rxd4 50. Qxh6 Rd1 51. Kh2 Qd4 52. Qxe6 Rd2 53. Rxd2 Qxd2+
54. Kh3 Qc1 55. Qd5 Qh1+ 56. Kg4 Qc1 57. Qd4 c3 58. bxc3 a3 59. e6 Re7 60. Qd8+
Kh7 61. Qxe7 a2 62. h6 Qxc3 63. hxg7 Qc4+ 64. f4 Qe2+ 65. Kg5 1-0

[Event "22nd TCh-SLO 2012"]
[Site "Slovenia SLO"]
[Date "2012.11.30"]
[Round "4"]
[White "Roskar,R"]
[Black "Justin,M"]
[Result "1/2-1/2"]
[WhiteTitle "FM"]
[BlackTitle "FM"]
[WhiteElo "2284"]
[BlackElo "2323"]
[WhiteTeam "SD Tehcenter Ptuj"]
[BlackTeam "SD Vrhnika"]
[WhiteFideId "14601850"]
[BlackFideId "14600242"]
[EventDate "2012.11.23"]

1. e4 c5 2. Nf3 d6 3. Bc4 Nf6 4. d3 a6 5. e5 dxe5 6. Nxe5 e6 7. O-O Nbd7 8. Nxd7
Bxd7 9. Nd2 b5 10. Bb3 Qc7 11. a4 Bc6 12. Qe2 Bd6 13. h3 Qb7 14. f4 O-O 15. axb5
axb5 16. Rxa8 Rxa8 17. c3 g6 18. Kh2 Ra1 19. g3 h5 20. Bc2 h4 21. Ne4 hxg3+ 22.
Nxg3 Rxc1 23. Rxc1 Bxf4 24. Rf1 Nh5 25. Rxf4 Nxf4 26. Qe5 Nd5 27. Ne4 c4 28. Nd6
Qa7 29. d4 Qe7 30. Ne4 Qc7 31. Nf6+ Kf8 32. Nxd5 Qxe5+ 33. dxe5 exd5 34. Kg3 Ke7
35. Kf4 Ke6 36. h4 Be8 37. Bd1 f6 38. Bg4+ Ke7 39. Bf3 Bc6 40. Bg4 Be8 1/2-1/2

[Event "22nd TCh-SLO 2012"]
[Site "Slovenia SLO"]
[Date "2012.11.30"]
[Round "4"]
[White "Zupe,M"]
[Black "Jankovic,A"]
[Result "0-1"]
[WhiteTitle "IM"]
[BlackTitle "GM"]
[WhiteElo "2323"]
[BlackElo "2535"]
[WhiteTeam "SK Branik Maribor"]
[BlackTeam "ZSK Maribor"]
[WhiteFideId "14600277"]
[BlackFideId "14505959"]
[EventDate "2012.11.23"]

1. d4 Nf6 2. Nf3 g6 3. Bg5 Bg7 4. Nbd2 O-O 5. e4 d5 6. e5 Ne4 7. Be3 c5 8. c3
cxd4 9. cxd4 Bg4 10. Be2 Nc6 11. O-O f6 12. exf6 exf6 13. h3 Bxf3 14. Nxf3 f5
15. Bb5 f4 16. Bc1 Nxd4 17. Nxd4 Qb6 18. Ne2 Qxb5 19. Nxf4 Rae8 20. a4 Qc4 21.
Qxd5+ Qxd5 22. Nxd5 Nxf2 23. Be3 Nd3 24. Rxf8+ Rxf8 25. Bxa7 Nxb2 26. Nc7 Rc8
27. Nb5 Rc4 28. a5 Rb4 29. Nc7 Nc4 30. Ra2 Be5 31. Ne6 Rb1+ 32. Kf2 Ra1 33. Rxa1
Bxa1 34. Bb6 Bc3 35. Ke2 Bxa5 36. Bd4 Nd6 37. Kd3 Nf5 38. Bf2 Ng7 39. Ng5 Bd8
40. Ne4 Be7 41. Kc4 Kf7 42. Kb5 Nh5 43. Be3 Ke6 44. Kb6 Ke5 45. Nf2 Nf4 46.
Bxf4+ Kxf4 47. Nh1 Ke3 48. Kxb7 Ke2 49. Kc6 Kf1 50. Kd5 0-1

[Event "22nd TCh-SLO 2012"]
[Site "Slovenia SLO"]
[Date "2012.11.30"]
[Round "4"]
[White "Mohr,G"]
[Black "Supancic,D"]
[Result "1-0"]
[WhiteTitle "GM"]
[BlackTitle "FM"]
[WhiteElo "2483"]
[BlackElo "2370"]
[WhiteTeam "ZSK Maribor"]
[BlackTeam "SK Branik Maribor"]
[WhiteFideId "14600013"]
[BlackFideId "14600773"]
[EventDate "2012.11.23"]

1. e4 g6 2. d4 Bg7 3. Nc3 c6 4. Nf3 d5 5. h3 Nh6 6. Bf4 f6 7. exd5 cxd5 8. Nb5
Na6 9. c4 O-O 10. Nc3 dxc4 11. Bxc4+ Kh8 12. O-O Nf5 13. Re1 Nb8 14. d5 a6 15.
a4 Nd7 16. Qe2 Re8 17. g4 Nh6 18. Rad1 Nf7 19. Ba2 Nfe5 20. Nd4 Nf8 21. Ne4 Qb6
22. Be3 Qa5 23. d6 e6 24. g5 Ned7 25. gxf6 Nxf6 26. Ng5 h6 27. Nf7+ Kh7 28. Qf3
e5 29. Bxh6 exd4 30. Rxe8 Nxe8 31. Bxg7 Kxg7 32. Qf4 Qh5 33. Re1 Qxh3 34. Rxe8
Be6 35. Qxd4+ 1-0

[Event "22nd TCh-SLO 2012"]
[Site "Slovenia SLO"]
[Date "2012.11.30"]
[Round "4"]
[White "Navinsek,T"]
[Black "Sakelsek,T"]
[Result "0-1"]
[WhiteTitle "FM"]
[BlackTitle "IM"]
[WhiteElo "2278"]
[BlackElo "2438"]
[WhiteTeam "SK Branik Maribor"]
[BlackTeam "ZSK Maribor"]
[WhiteFideId "14600340"]
[BlackFideId "14603683"]
[EventDate "2012.11.23"]

1. g3 Nf6 2. f4 g6 3. b3 Bg7 4. Bb2 O-O 5. Nf3 d6 6. Bg2 e5 7. fxe5 Nfd7 8. Na3
Nxe5 9. Nxe5 dxe5 10. Nc4 Re8 11. e4 Nc6 12. O-O Be6 13. Ne3 Qd7 14. Nd5 Bxd5
15. exd5 Nb4 16. c4 Nd3 17. Bc3 f5 18. Qe2 e4 19. Bxg7 Qxg7 20. Qe3 c6 21. dxc6
bxc6 22. Rab1 c5 23. Rfd1 Rad8 24. Bf1 Qe5 25. Be2 Rd6 26. a3 a5 27. Rf1 Kg7 28.
Kh1 Red8 29. h4 h6 30. Rg1 Qd4 31. h5 g5 32. Rgf1 Qe5 33. Qg1 Kh8 34. Qh2 Rf8
35. Rg1 f4 36. Bxd3 Rxd3 37. gxf4 Rxf4 38. Rg4 Qf5 39. Rxf4 gxf4 0-1

[Event "22nd TCh-SLO 2012"]
[Site "Slovenia SLO"]
[Date "2012.11.30"]
[Round "4"]
[White "Osmanbegovic,S"]
[Black "Simic,Draga SLO"]
[Result "1/2-1/2"]
[WhiteTitle "FM"]
[BlackTitle "FM"]
[WhiteElo "2262"]
[BlackElo "2289"]
[WhiteTeam "ZSK Maribor"]
[BlackTeam "SK Branik Maribor"]
[WhiteFideId "14600757"]
[BlackFideId "14600803"]
[EventDate "2012.11.23"]

1. d4 Nf6 2. c4 e6 3. g3 d5 4. Bg2 Nbd7 5. Nf3 Bb4+ 6. Bd2 Bd6 7. Nc3 c6 8. Qb3
O-O 9. O-O dxc4 10. Qxc4 e5 11. Rad1 Nb6 12. Qd3 exd4 13. Nxd4 Be5 14. Be3 Re8
15. h3 h6 16. f4 Bc7 17. Bf2 Qe7 18. e4 Rd8 19. Qe2 Be6 20. Nxe6 Qxe6 21. e5
Nfd5 22. Ne4 Nd7 23. Rfe1 a6 24. Kh2 Kh8 25. a3 f6 26. exf6 N7xf6 27. Nc5 Qxe2
28. Rxe2 Rab8 29. Rde1 Bb6 30. Ne6 Bxf2 31. Rxf2 Re8 1/2-1/2

[Event "22nd TCh-SLO 2012"]
[Site "Slovenia SLO"]
[Date "2012.12.01"]
[Round "5"]
[White "Lenic,L"]
[Black "Zorko,Ju"]
[Result "1/2-1/2"]
[WhiteTitle "GM"]
[BlackTitle "IM"]
[WhiteElo "2637"]
[BlackElo "2476"]
[WhiteTeam "ZSK Maribor"]
[BlackTeam "SD KRKA Novo mesto"]
[WhiteFideId "14603853"]
[BlackFideId "14604051"]
[EventDate "2012.11.23"]

1. d4 Nf6 2. c4 e6 3. g3 d5 4. Nf3 dxc4 5. Bg2 Nc6 6. O-O a6 7. Bg5 Be7 8. e3 h6
9. Bxf6 Bxf6 10. Nfd2 e5 11. d5 Na7 12. a4 Bf5 13. Nxc4 Nc8 14. e4 Bd7 15. Qb3
Nb6 16. Nxb6 cxb6 17. Rd1 Rc8 18. Nc3 O-O 19. Rd3 Qc7 20. d6 Qc5 21. Rad1 Be6
22. Qc2 Rfd8 23. h4 Bc4 24. Bh3 Bxd3 25. Qxd3 Rc6 26. d7 Qc4 27. Qf3 Qb3 28. Qe2
Be7 29. Rd5 Rc5 30. Rd3 Bf8 31. Kg2 Qb4 32. h5 Rc4 33. Rd5 Rc5 34. Qc2 Qc4 35.
Rd2 Rc6 36. Qd1 Bb4 37. Bf5 Bxc3 38. bxc3 Qxc3 39. Rd5 Rc5 40. Rd6 Rc6 41. Rd5
Qb2 42. Rd2 Rc1 43. Rxb2 Rxd1 44. Rxb6 Ra1 45. Rxb7 Rxa4 46. Rc7 Kf8 47. Rc8 Ke7
48. Rc5 Ra1 49. Rxe5+ Kf8 50. Rc5 a5 51. e5 a4 52. e6 fxe6 53. Bxe6 Ke7 54. Rc6
Rd1 55. Bg4 Rd4 56. f4 a3 57. Re6+ Kf7 58. Ra6 Rd3 59. Bf5 Rc3 60. Kh3 Re3 61.
Kg2 Rb8 62. Rb6 Rd8 63. Ra6 Rb8 64. Rb6 Rd8 65. Ra6 Rb8 1/2-1/2

[Event "22nd TCh-SLO 2012"]
[Site "Slovenia SLO"]
[Date "2012.12.01"]
[Round "5"]
[White "Zupancic,J"]
[Black "Kozul,Z"]
[Result "0-1"]
[BlackTitle "GM"]
[WhiteElo "2162"]
[BlackElo "2638"]
[WhiteTeam "SD KRKA Novo mesto"]
[BlackTeam "ZSK Maribor"]
[WhiteFideId "14607280"]
[BlackFideId "14502879"]
[EventDate "2012.11.23"]

1. c4 Nf6 2. g3 e5 3. Bg2 d5 4. cxd5 Nxd5 5. Nc3 Nb6 6. Nf3 Nc6 7. O-O Be7 8. d3
O-O 9. a3 Re8 10. b4 Bf8 11. Be3 Nd4 12. Rc1 c6 13. Ne4 Nd5 14. Bd2 Nxf3+ 15.
Bxf3 Bh3 16. Re1 h6 17. Qb3 Nc7 18. Qb2 Rb8 19. Bc3 f6 20. d4 f5 21. Nc5 e4 22.
Bh1 b6 23. Nb3 Nd5 24. e3 h5 25. Nd2 b5 26. Nb3 Re6 27. Red1 h4 28. Be1 hxg3 29.
hxg3 Bg4 30. Rd2 Rh6 31. Bg2 Qg5 32. Rdc2 Qh5 0-1

[Event "22nd TCh-SLO 2012"]
[Site "Slovenia SLO"]
[Date "2012.12.01"]
[Round "5"]
[White "Jankovic,A"]
[Black "Volf,Z"]
[Result "1-0"]
[WhiteTitle "GM"]
[WhiteElo "2535"]
[BlackElo "2230"]
[WhiteTeam "ZSK Maribor"]
[BlackTeam "SD KRKA Novo mesto"]
[WhiteFideId "14505959"]
[BlackFideId "14604949"]
[EventDate "2012.11.23"]

1. d4 f5 2. g3 Nf6 3. Bg2 g6 4. Nf3 Bg7 5. b4 O-O 6. Bb2 e6 7. c4 Qe7 8. Qb3 d6
9. Nbd2 Nc6 10. O-O Bd7 11. b5 Nd8 12. Rae1 Nf7 13. e4 fxe4 14. Nxe4 Nxe4 15.
Rxe4 Nh6 16. h4 Nf5 17. Ng5 c6 18. Rfe1 Rae8 19. Nxe6 Bxe6 20. d5 cxd5 21. cxd5
Bxb2 22. Qxb2 Qg7 23. Qxg7+ Kxg7 24. dxe6 b6 25. Ra4 Re7 26. Bc6 Rc7 27. Rd1 Kf6
28. g4 Nxh4 29. Rxd6 Ke7 30. Rd7+ Rxd7 31. exd7 Nf3+ 32. Kg2 Ne5 33. Re4 Kd6 34.
f4 1-0

[Event "22nd TCh-SLO 2012"]
[Site "Slovenia SLO"]
[Date "2012.12.01"]
[Round "5"]
[White "Kaps,D"]
[Black "Mohr,G"]
[Result "0-1"]
[WhiteTitle "WGM"]
[BlackTitle "GM"]
[WhiteElo "2219"]
[BlackElo "2483"]
[WhiteTeam "SD KRKA Novo mesto"]
[BlackTeam "ZSK Maribor"]
[WhiteFideId "14602334"]
[BlackFideId "14600013"]
[EventDate "2012.11.23"]

1. c4 Nf6 2. Nc3 e6 3. g3 d5 4. Bg2 Be7 5. cxd5 exd5 6. d4 O-O 7. Nf3 c6 8. O-O
Nbd7 9. Qd3 Re8 10. h3 Bd6 11. Nh4 Nf8 12. Bg5 h6 13. Bxf6 Qxf6 14. e4 dxe4 15.
Nxe4 Qd8 16. Nxd6 Qxd6 17. Rad1 Be6 18. d5 cxd5 19. f4 Rad8 20. f5 Bc8 21. Bxd5
Qc5+ 22. Kh2 b6 23. Qc4 Rxd5 24. Qxd5 Re2+ 25. Ng2 Qxd5 26. Rxd5 Bb7 27. Rfd1
Bxd5 28. Rxd5 Rxb2 29. a4 g6 30. g4 gxf5 31. gxf5 Kg7 32. Kg3 Rb3+ 33. Kh2 Ra3
34. Nf4 Kf6 35. Nh5+ Kg5 36. Ng7 Rxa4 37. Rd8 Kf6 38. Nh5+ Ke7 39. Rb8 Nd7 40.
Rh8 Nf6 41. Ng7 h5 0-1

[Event "22nd TCh-SLO 2012"]
[Site "Slovenia SLO"]
[Date "2012.12.01"]
[Round "5"]
[White "Sakelsek,T"]
[Black "Mejak,Severin"]
[Result "1/2-1/2"]
[WhiteTitle "IM"]
[WhiteElo "2438"]
[BlackElo "2071"]
[WhiteTeam "ZSK Maribor"]
[BlackTeam "SD KRKA Novo mesto"]
[WhiteFideId "14603683"]
[BlackFideId "14609886"]
[EventDate "2012.11.23"]

1. d4 d5 2. c4 e6 3. Nf3 Nf6 4. e3 Be7 5. b3 O-O 6. Bb2 b6 7. Bd3 Bb7 8. O-O
Nbd7 9. Nc3 c5 10. Qe2 Rc8 11. Rac1 Qc7 12. cxd5 exd5 13. Rfd1 Qb8 14. Bf5 Rcd8
15. Ba3 Rfe8 16. Bxd7 Nxd7 17. dxc5 Nxc5 18. Bb2 Ne6 19. Nb5 Ba6 20. a4 Qb7 21.
Nfd4 Bc5 22. Qg4 Bxb5 23. Nxb5 a6 24. Nd4 Bxd4 25. Bxd4 Rc8 26. h3 b5 27. axb5
axb5 28. Rxc8 Rxc8 29. Qf5 h6 30. Bb2 Rd8 31. Qe5 Qc6 32. Rc1 Qd6 33. Kf1 Qxe5
34. Bxe5 d4 35. exd4 f6 36. d5 Rxd5 37. Bc3 1/2-1/2